Online katalóg knižníc regiónu Turca

Harmónia a radosť zo života (Record no. 20458)

MARC details
000 -LEADER
fixed length control field 02367cam a2200589 a 4500
001 - CONTROL NUMBER
control field 20458
003 - CONTROL NUMBER IDENTIFIER
control field VRT
005 - DATE AND TIME OF LATEST TRANSACTION
control field 20260122142904.0
008 - FIXED-LENGTH DATA ELEMENTS--GENERAL INFORMATION
fixed length control field 240621q1995 xo grn 0000f slo
015 ## - NATIONAL BIBLIOGRAPHY NUMBER
National bibliography number SNBA1997/0100298
020 ## - INTERNATIONAL STANDARD BOOK NUMBER
International Standard Book Number 808883421X
Qualifying information (viazané)
035 ## - SYSTEM CONTROL NUMBER
System control number SNK000166703
039 #9 - LEVEL OF BIBLIOGRAPHIC CONTROL AND CODING DETAIL [OBSOLETE]
Level of rules in bibliographic description 202407011419
Level of effort used to assign nonsubject heading access points msnk160
Level of effort used to assign subject headings 202407011419
Level of effort used to assign classification msnk160
Level of effort used to assign subject headings 202407011419
Level of effort used to assign classification msnk160
Level of effort used to assign subject headings 202407011415
Level of effort used to assign classification msnk160
040 ## - CATALOGING SOURCE
Original cataloging agency SNK
Language of cataloging slo
Transcribing agency SNK
Description conventions AACR2
041 1# - LANGUAGE CODE
Language code of text/sound track or separate title slo
Language code of original ita
044 ## - COUNTRY OF PUBLISHING/PRODUCING ENTITY CODE
MARC country code xo
ISO country code SK
072 #7 - SUBJECT CATEGORY CODE
Subject category code 821.131.1-3
Subject category code subdivision Talianska próza
Source konspekt
080 ## - UNIVERSAL DECIMAL CLASSIFICATION NUMBER
Universal Decimal Classification number 930.85
Edition identifier 2011
080 ## - UNIVERSAL DECIMAL CLASSIFICATION NUMBER
Universal Decimal Classification number 821.131.1-32
Edition identifier 2001
080 ## - UNIVERSAL DECIMAL CLASSIFICATION NUMBER
Universal Decimal Classification number 821-32
Edition identifier 2011
245 00 - TITLE STATEMENT
Title Harmónia a radosť zo života
Remainder of title renesančné novely
Statement of responsibility, etc. [Franco Sacchetti ... [et al.] ; preložili Dominik Jarábek, Mikuláš Pažitka]
260 ## - PUBLICATION, DISTRIBUTION, ETC.
Place of publication, distribution, etc. Rohovce
Name of publisher, distributor, etc. Interpopulart Slovakia
Date of publication, distribution, etc. [1995]
300 ## - PHYSICAL DESCRIPTION
Extent 111 strán
Dimensions 21 cm
490 1# - SERIES STATEMENT
Series statement Populart. Renesančná próza. Študentská knižnica
Volume/sequential designation 22
500 ## - GENERAL NOTE
General note Preložené z taliančiny
500 ## - GENERAL NOTE
General note V knihe neuvedený rok vydania. Pravdepodobný rok vydania: 1995
500 ## - GENERAL NOTE
General note Názov celej edície uvedený na obale
504 ## - BIBLIOGRAPHY, ETC. NOTE
Bibliography, etc. note Bibliografia na strane 107
650 07 - SUBJECT ADDED ENTRY--TOPICAL TERM
Topical term or geographic name entry element renesancia
Source of heading or term SNKPH
655 #7 - INDEX TERM--GENRE/FORM
Genre/form data or focus term spoločenské novely
Source of term SNKPH
655 #7 - INDEX TERM--GENRE/FORM
Genre/form data or focus term talianske novely
Source of term SNKPH
700 1# - ADDED ENTRY--PERSONAL NAME
Personal name Jarábek, Dominik,
Dates associated with a name 1915-1981
Relationship trl
700 1# - ADDED ENTRY--PERSONAL NAME
Personal name Pažitka, Mikuláš,
Dates associated with a name 1918-2004
Relationship trl
700 1# - ADDED ENTRY--PERSONAL NAME
Personal name Sacchetti, Franco,‏
Dates associated with a name asi 1330-asi 1400
Relationship aut‏
830 #0 - SERIES ADDED ENTRY--UNIFORM TITLE
Uniform title Populart
Name of part/section of a work Renesančná próza
-- Študentská knižnica
942 ## - ADDED ENTRY ELEMENTS (KOHA)
Source of classification or shelving scheme Dewey Decimal Classification
Koha item type Krásna literatúra pre dospelých
Suppress in OPAC No
949 ## - LOCAL PROCESSING INFORMATION (OCLC)
6 270001000020848
a svkbbA 91061
b svkbbm 602000
949 ## - LOCAL PROCESSING INFORMATION (OCLC)
6 2889009611
a savukS 118169
949 ## - LOCAL PROCESSING INFORMATION (OCLC)
6 270001000020847
a svkbbA 91061
b svkbbm 602688
949 ## - LOCAL PROCESSING INFORMATION (OCLC)
6 270001000020846
a svkbbA 91061
b svkbbm 601999
949 ## - LOCAL PROCESSING INFORMATION (OCLC)
a snkC 1982
b snk3673/961028
949 ## - LOCAL PROCESSING INFORMATION (OCLC)
6 17A0014488
a snkSC 91514
b snkKSP 8853/96
s 6101:20151012
949 ## - LOCAL PROCESSING INFORMATION (OCLC)
6 17A0014487
a snkSC 91514 D1
b snkKSP 8854/96
949 ## - LOCAL PROCESSING INFORMATION (OCLC)
6 273K0230837
a svkpoA 168049
b svkpo417421
949 ## - LOCAL PROCESSING INFORMATION (OCLC)
6 273K0230834
a svkpoA 168049a
b svkpo417422
949 ## - LOCAL PROCESSING INFORMATION (OCLC)
6 273K0230835
a svkpoA 168049b
b svkpo417423
949 ## - LOCAL PROCESSING INFORMATION (OCLC)
6 273K0230836
a svkpoA 168049c
b svkpo417424
949 ## - LOCAL PROCESSING INFORMATION (OCLC)
6 273K0230838
a svkpoA 168049d
b svkpo417425
949 ## - LOCAL PROCESSING INFORMATION (OCLC)
6 273K0230840
a svkpoA 168049e
b svkpo417601
Holdings
Stav vyradenia Strata Poškodenie Spôsob nadobudnutia Domovská knižnica Aktuálna knižnica Dátum nadobudnutia Total checkouts Čiarový kód exemplára Date last seen Typ exemplára
      Dar Obecná knižnica Horná Štubňa Obecná knižnica Horná Štubňa 22.01.2026   808883421X 22.01.2026 Krásna literatúra pre dospelých
Projekt je podporený Slovenskou asociáciou knižníc
Prevádzkuje Turčianska knižnica Martin 2026